000 00317nam a22001337a 4500
008 171030b xxu||||| |||| 00| 0 eng d
020 _a9780256152104
041 _aeng
080 _a336
100 _a56
101 _aFIN
245 _aFINANCIAL ANALYSIS WITH ELECTRONIC CALCULATOR
_cMARK.A.W
942 _2udc
_cBK
999 _c36353
_d36353